00313nam a22001217a 4500003000400000008004100004020001800045082001800063100002300081245003900104260003700143300001100180OSt190528b ||||| |||| 00| 0 eng d a9788126574094 a664.3bGUN/OI aGunstone, Frank D. aOils and fats in the food industry aNew DelhibWiley Blackwellc2008 a146 p.